[Event "Tournoi Skype 016B"]
[Site "Skype"]
[Date "????.??.??"]
[Round "7.8"]
[White "Cengiz, Cem"]
[Black "Hargez, Dany"]
[Result "1-0"]
[WhiteElo "1306"]
[BlackElo "1361"]
[PlyCount "59"]

1. e4 e5 2. Nf3 Nf6 3. Nc3 d5 4. exd5 Nxd5 5. Nxe5 Nxc3 6. bxc3 Bd6 7. Nf3 O-O
8. Be2 Bg4 9. O-O Nd7 10. d4 Bxf3 11. Bxf3 Qh4 12. h3 Rae8 13. Bxb7 Re6 14. Qd3
Rfe8 15. Bc6 Qe7 16. Bd2 Rf8 17. Rae1 Nf6 18. Rxe6 fxe6 19. Re1 Qf7 20. Qe2 h6
21. Qxe6 Qxe6 22. Rxe6 Rf7 23. c4 Re7 24. Rxe7 Bxe7 25. Ba5 Bd8 26. d5 Kf8 27.
d6 Ne8 28. Bxe8 Kxe8 29. dxc7 Kd7 30. cxd8=Q+ 1-0

[Event "Tournoi Skype 016B"]
[Site "Skype"]
[Date "????.??.??"]
[Round "7.9"]
[White "Vervoort, Jean-Louis"]
[Black "Briere, Jean"]
[Result "0-1"]
[WhiteElo "1293"]
[BlackElo "1460"]
[PlyCount "46"]

1. d4 d5 2. c4 c6 3. Nc3 Nf6 4. Bg5 Bf5 5. Bxf6 exf6 6. Nf3 Bb4 7. Qd2 O-O 8.
e3 Nd7 9. Bd3 Bxd3 10. Qxd3 dxc4 11. Qxc4 c5 12. d5 Ne5 13. Nxe5 fxe5 14. e4
Qd7 15. O-O Bxc3 16. Qxc3 Rfc8 17. Rfc1 Qd6 18. Rc2 c4 19. Rac1 Rc6 20. dxc6
Qxc6 21. Qxe5 Rd8 22. Rxc4 Qxc4 23. Rxc4 Rd1# 0-1

[Event "Tournoi Skype 016B"]
[Site "Skype"]
[Date "????.??.??"]
[Round "7.10"]
[White "Perrone, Gabriel Lorenzo"]
[Black "Gieschen, Mike"]
[Result "1-0"]
[WhiteElo "1404"]
[BlackElo "1338"]
[PlyCount "53"]

1. d4 Nf6 2. c4 e6 3. a3 c6 4. Nc3 d5 5. Nf3 Bd6 6. Bg5 Nbd7 7. e3 O-O 8. Bd3
Qc7 9. O-O e5 10. dxe5 Nxe5 11. Bxf6 Nxf3+ 12. Qxf3 Bxh2+ 13. Kh1 gxf6 14. Qxf6
Qe5 15. Qh4 Bf5 16. Qg5+ Bg6 17. Qxe5 Bxe5 18. Be2 dxc4 19. Bxc4 Bxc3 20. bxc3
Kh8 21. Rad1 Rad8 22. Be2 f6 23. Bf3 Bd3 24. Rfe1 Rf7 25. Bg4 f5 26. Be2 Bxe2
27. Rxd8+ 1-0

[Event "Tournoi Skype 016B"]
[Site "Skype"]
[Date "????.??.??"]
[Round "7.11"]
[White "Lequeux, Pierre"]
[Black "Martin, Jean-Claude"]
[Result "1-0"]
[WhiteElo "1226"]
[BlackElo "1307"]
[PlyCount "46"]

1. Nf3 d5 2. d4 Nf6 3. h3 e6 4. Bd2 c5 5. c3 cxd4 6. cxd4 Nc6 7. e3 a6 8. Nc3
Be7 9. Ne5 Nxe5 10. dxe5 Ne4 11. Nxe4 dxe4 12. Be2 Qb6 13. b3 Bb4 14. O-O Bxd2
15. Qxd2 O-O 16. Rad1 Qc7 17. Qd4 g6 18. Qxe4 f5 19. Qd4 b5 20. f4 Bb7 21. Rc1
Qa5 22. a4 bxa4 23. bxa4 Qxe5 1-0

[Event "Tournoi Skype 016B"]
[Site "Skype"]
[Date "????.??.??"]
[Round "7.12"]
[White "Bustos, Ricardo"]
[Black "Sahrane, Juba"]
[Result "0-1"]
[WhiteElo "1197"]
[BlackElo "1399"]
[PlyCount "70"]

1. c4 e6 2. Nc3 Nf6 3. e4 c6 4. g3 d5 5. cxd5 cxd5 6. Bg2 d4 7. e5 dxc3 8. exf6
cxd2+ 9. Qxd2 Qxf6 10. a3 Be7 11. Nf3 b6 12. Qg5 Bb7 13. Qxf6 Bxf6 14. O-O O-O
15. Ne1 Bxg2 16. Nxg2 Nd7 17. Rb1 a5 18. b4 axb4 19. axb4 h6 20. Be3 Rfd8 21.
Rfd1 b5 22. Rb3 Ne5 23. Rxd8+ Rxd8 24. Rb1 Nf3+ 25. Kf1 Nxh2+ 26. Ke2 Ng4 27.
Bc5 Bd4 28. f3 Ne5 29. Bxd4 Rxd4 30. Nf4 g6 31. Ke3 Rc4 32. Rb3 Nc6 33. Nd3 Nd4
34. Ne5 Nxb3 35. Nxc4 bxc4 0-1

[Event "Tournoi Skype 016B"]
[Site "Skype"]
[Date "????.??.??"]
[Round "7.13"]
[White "Farfallini, Michel"]
[Black "Rajpurohit, Dinesh"]
[Result "0-1"]
[WhiteElo "1278"]
[BlackElo "1544"]
[PlyCount "60"]

1. e4 c5 2. Nf3 Nc6 3. d4 cxd4 4. Nxd4 e5 5. Nb5 d6 6. Bc4 a6 7. N5c3 Nf6 8.
O-O Be7 9. Nd2 O-O 10. Nf3 Bg4 11. Nd5 Nxd5 12. Bxd5 Nd4 13. Bxb7 Rb8 14. Bxa6
Nxf3+ 15. gxf3 Bh3 16. Re1 Bg5 17. b3 Bf4 18. Bxf4 exf4 19. Kh1 Qb6 20. Bf1
Bxf1 21. Rxf1 Rfc8 22. Qc1 Ra8 23. Qb2 Qc5 24. Rg1 g6 25. c4 Rab8 26. Rad1 Qh5
27. Rg4 Rxc4 28. Rxd6 Qh3 29. Rd3 Qf1+ 30. Rg1 Qxd3 0-1

[Event "Tournoi Skype 016B"]
[Site "Skype"]
[Date "????.??.??"]
[Round "7.14"]
[White "Cossalter, Maurizio"]
[Black "Khatanhar, Mohit"]
[Result "0-1"]
[WhiteElo "1503"]
[BlackElo "1265"]
[PlyCount "64"]

1. e4 e5 2. f4 exf4 3. Nf3 Be7 4. Bc4 d6 5. O-O h6 6. d4 Bg5 7. Nc3 Qe7 8. Nd5
Qd8 9. Bxf4 Bxf4 10. Nxf4 Nf6 11. e5 Nh7 12. exd6 O-O 13. dxc7 Qxc7 14. Nd2 Bf5
15. Nd5 Qd6 16. c3 Be6 17. Qf3 Nd7 18. Ne4 Bxd5 19. Bxd5 Qxd5 20. Ng3 Qb5 21.
Rf2 Rae8 22. b3 b6 23. c4 Qb4 24. Raf1 Nhf6 25. Nh5 Re1 26. Rxe1 Qxe1+ 27. Rf1
Qe7 28. d5 Nxh5 29. Qxh5 Qe3+ 30. Rf2 Nf6 31. Qd1 Re8 32. h3 Ne4 0-1

[Event "Tournoi Skype 016B"]
[Site "Skype"]
[Date "????.??.??"]
[Round "7.15"]
[White "Amato, Ludovica"]
[Black "Ramirez Reina, Orlando"]
[Result "0-1"]
[WhiteElo "1188"]
[BlackElo "1493"]
[PlyCount "52"]

1. e4 c5 2. Nf3 e6 3. Nc3 a6 4. Be2 Nc6 5. O-O Nf6 6. d4 cxd4 7. Nxd4 Be7 8.
Bg5 d6 9. Re1 O-O 10. Qd2 Ne5 11. Rad1 Qc7 12. Bxf6 Bxf6 13. Nf3 Rd8 14. Ng5 b5
15. a3 Nc4 16. Qf4 Nxb2 17. Rb1 Bxc3 18. Rec1 h6 19. Nf3 e5 20. Qh4 Be6 21. Qg3
Rac8 22. Nh4 Qc5 23. Nf5 Bxf5 24. exf5 f6 25. Qg6 d5 26. Bh5 Qe7 0-1

[Event "Tournoi Skype 016B"]
[Site "Skype"]
[Date "????.??.??"]
[Round "7.16"]
[White "Vincent, Andre"]
[Black "Karia, Kirti"]
[Result "0-1"]
[WhiteElo "1404"]
[BlackElo "1332"]
[PlyCount "102"]

1. d4 Nf6 2. c4 e5 3. dxe5 Ng4 4. Nf3 Bc5 5. e3 Nc6 6. Bd3 Ngxe5 7. Be4 O-O 8.
O-O Nxc4 9. Qc2 d5 10. Bxh7+ Kh8 11. Bd3 Nb4 12. Qd1 Bg4 13. Bxc4 dxc4 14. Qxd8
Raxd8 15. Nbd2 Nc2 16. Rb1 Bf5 17. e4 Be6 18. Ng5 Nb4 19. Kh1 Nxa2 20. Ndf3 Bg4
21. Be3 Bb6 22. Rbd1 Rxd1 23. Rxd1 f6 24. Bxb6 cxb6 25. Rd8 Kg8 26. Rxf8+ Kxf8
27. Nh3 Bxf3 28. gxf3 Nb4 29. Nf4 Kf7 30. Kg2 g5 31. Ne2 Nd3 32. Nc3 Nxb2 33.
Kf1 a5 34. Ke2 a4 35. Kd2 a3 36. Kc2 Ke6 37. Nb1 Nd3 38. Nxa3 Ne5 39. Kc3 Nxf3
40. Kxc4 Nxh2 41. Kb5 Ng4 42. Kxb6 Nxf2 43. Nc2 Nxe4 44. Kxb7 g4 45. Ne3 Nf2
46. Kc6 g3 47. Kc5 Nd1 48. Ng2 Ke5 49. Kc4 Ke4 50. Kb3 Ne3 51. Kc3 Nxg2 0-1

[Event "Tournoi Skype 016B"]
[Site "Skype"]
[Date "????.??.??"]
[Round "7.17"]
[White "Bhandari, Dattatrey"]
[Black "Lemoine, Gerard"]
[Result "0-1"]
[WhiteElo "1399"]
[BlackElo "1178"]
[PlyCount "40"]

1. c4 e6 2. d4 d5 3. e3 Bb4+ 4. Nc3 Ne7 5. Nf3 O-O 6. a3 Bxc3+ 7. bxc3 b6 8. a4
Nd7 9. Bd3 c5 10. O-O a5 11. Rb1 Ba6 12. Ng5 g6 13. Qf3 dxc4 14. Qh3 Nf6 15.
Be4 Rb8 16. Bc2 Bb7 17. e4 Kg7 18. e5 Nh5 19. g4 Qd5 20. gxh5 Qh1# 0-1

[Event "Tournoi Skype 016B"]
[Site "Skype"]
[Date "????.??.??"]
[Round "7.18"]
[White "Torres, Vicky"]
[Black "Douichi, Mohammed"]
[Result "1-0"]
[WhiteElo "1399"]
[BlackElo "1176"]
[PlyCount "85"]

1. c4 e5 2. Nc3 c6 3. g3 d5 4. b3 d4 5. Nb1 c5 6. Bg2 Nd7 7. e3 Ngf6 8. Ne2 Be7
9. O-O O-O 10. f4 exf4 11. Nxf4 Ne4 12. Bxe4 Nf6 13. Bg2 Bd6 14. Na3 a6 15. Bb2
Be5 16. Nc2 Bg4 17. Bf3 d3 18. Bxe5 dxc2 19. Qe2 Bf5 20. Bxb7 Ra7 21. Bg2 Re7
22. Bxf6 gxf6 23. Nd5 Re5 24. Rac1 Rfe8 25. Bf3 Qa5 26. Nxf6+ Kf8 27. Nxe8 Kxe8
28. g4 Bg6 29. Qg2 Qxa2 30. d3 Bxd3 31. Qd2 Qxb3 32. Bd5 Bxf1 33. Kxf1 Rxe3 34.
Qxc2 Qb4 35. Kf2 Rh3 36. Qe4+ Kf8 37. Kg2 Rh6 38. Qf4 Qb2+ 39. Kg3 Qg7 40. g5
Rg6 41. Re1 Rxg5+ 42. Kf3 f5 43. Qb8# 1-0

[Event "Tournoi Skype 016B"]
[Site "Skype"]
[Date "????.??.??"]
[Round "7.20"]
[White "Baker, Abi"]
[Black "Kruk, Clementine"]
[Result "0-1"]
[WhiteElo "1170"]
[BlackElo "1107"]
[PlyCount "52"]

1. c4 e5 2. d3 Bc5 3. e3 Nc6 4. Nc3 Nf6 5. g3 d6 6. Bg2 Bg4 7. f3 Be6 8. a3 Qd7
9. b4 Bb6 10. Bd2 O-O 11. f4 Bg4 12. Qb1 Qe6 13. Ne4 Nxe4 14. Bxe4 Rfd8 15. b5
Na5 16. Nf3 c6 17. a4 d5 18. Ng5 Qe7 19. Bxh7+ Kh8 20. Bc3 d4 21. Bb4 c5 22.
Bd2 exf4 23. gxf4 dxe3 24. Nxf7+ Qxf7 25. Be4 Qxf4 26. Bc3 Qf2# 0-1

[Event "Tournoi Skype 016B"]
[Site "Skype"]
[Date "????.??.??"]
[Round "7.21"]
[White "Morin, Claude"]
[Black "Paquay, Renaud"]
[Result "1-0"]
[WhiteElo "1399"]
[BlackElo "1241"]
[PlyCount "63"]

1. e4 c6 2. Nf3 d5 3. e5 Bg4 4. d3 e6 5. Nbd2 Bc5 6. c3 Qb6 7. d4 Be7 8. Be2
Nh6 9. O-O O-O 10. b3 Nd7 11. Bb2 c5 12. Re1 cxd4 13. cxd4 Rac8 14. Nh4 Bxe2
15. Qxe2 Bxh4 16. g3 Bg5 17. Nf3 Be7 18. a3 Qxb3 19. Rec1 Nb6 20. a4 Rxc1+ 21.
Bxc1 Nxa4 22. Bg5 Nc3 23. Qe1 Bb4 24. Rxa7 Ne2+ 25. Qxe2 Qb1+ 26. Kg2 Nf5 27.
Rxb7 f6 28. exf6 gxf6 29. Qxe6+ Rf7 30. Bxf6 Nh6 31. Rb8+ Bf8 32. Rxb1 1-0

[Event "Tournoi Skype 016B"]
[Site "Skype"]
[Date "????.??.??"]
[Round "7.22"]
[White "Alverson, Ginny"]
[Black "Ruiz Gomez, Luz Alba"]
[Result "0-1"]
[WhiteElo "1170"]
[BlackElo "1339"]
[PlyCount "94"]

1. Nf3 Nc6 2. d4 d5 3. e3 Nf6 4. Bd3 e6 5. O-O Bd6 6. c4 dxc4 7. Bxc4 O-O 8. d5
Ne5 9. Nxe5 Bxe5 10. Nd2 exd5 11. Bd3 c5 12. Nf3 Qc7 13. Re1 b6 14. e4 d4 15.
Bg5 a5 16. Bxf6 Bxf6 17. e5 Be7 18. Qc2 g6 19. Re4 Bf5 20. Rf4 Bxd3 21. Qxd3
Rad8 22. Re1 Qb8 23. Rg4 b5 24. e6 c4 25. exf7+ Rxf7 26. Qe4 Qd6 27. Ne5 Rg7
28. h4 c3 29. bxc3 dxc3 30. Nc6 Rf8 31. Nxe7+ Rxe7 32. Rxg6+ hxg6 33. Qxe7 Qf6
34. Qxf6 Rxf6 35. Re8+ Rf8 36. Re2 b4 37. Rc2 a4 38. Rc1 Rc8 39. f4 c2 40. Re1
b3 41. axb3 axb3 42. Kf2 b2 43. Rh1 c1=Q 44. Rxc1 bxc1=Q 45. Kf3 Qf1+ 46. Kg3
Rc3+ 47. Kh2 Qxf4+ 0-1

[Event "Tournoi Skype 016B"]
[Site "Skype"]
[Date "????.??.??"]
[Round "7.23"]
[White "Lecluyse, Koenraad"]
[Black "Martin, Elise"]
[Result "1-0"]
[WhiteElo "1299"]
[BlackElo "1114"]
[PlyCount "41"]

1. d4 d5 2. Nf3 Nc6 3. Bf4 Nf6 4. e3 Bg4 5. Be2 e6 6. h3 Bh5 7. O-O Be7 8. Ne5
O-O 9. Bxh5 Bd6 10. Bf3 Nxe5 11. dxe5 Bxe5 12. Bxe5 Ne4 13. Bxe4 c5 14. Bf3 Qb6
15. c3 Qb5 16. b3 c4 17. b4 Qb6 18. Bd4 Qc7 19. Bh5 a5 20. Qg4 axb4 21. Qxg7#
1-0

[Event "Tournoi Skype 016B"]
[Site "Skype"]
[Date "????.??.??"]
[Round "7.24"]
[White "Farthouat, Catherine"]
[Black "Tamditi, Ibrahim"]
[Result "1-0"]
[WhiteElo "1071"]
[BlackElo "1296"]
[PlyCount "25"]

1. e4 e5 2. Nf3 Bc5 3. Nc3 Nc6 4. Bb5 Nd4 5. Nxe5 Nxb5 6. Nxb5 c6 7. Nc3 Bd4 8.
Nf3 Nf6 9. Nxd4 Qe7 10. d3 d5 11. Bg5 dxe4 12. Bxf6 exd3+ 13. Bxe7 1-0

[Event "Tournoi Skype 016B"]
[Site "Skype"]
[Date "????.??.??"]
[Round "7.25"]
[White "Bouffard, Georges"]
[Black "Gagnon, Sindy"]
[Result "1-0"]
[WhiteElo "1399"]
[BlackElo "1000"]
[PlyCount "85"]

1. d4 Nc6 2. c3 b6 3. e4 Bb7 4. Bd3 d6 5. Nd2 e5 6. d5 Nce7 7. c4 c6 8. f3 cxd5
9. cxd5 Ng6 10. g3 Be7 11. Nf1 Nf6 12. Bc4 O-O 13. Nh3 a5 14. a4 Bc8 15. g4 Qc7
16. Ne3 Ne8 17. b3 Bd8 18. Ra2 Qe7 19. Ng2 Nh4 20. Bg5 f6 21. Bxh4 g5 22. Bg3
Bd7 23. Nf2 b5 24. axb5 a4 25. b4 Rb8 26. Qxa4 Ng7 27. Nd1 f5 28. O-O fxe4 29.
Nde3 exf3 30. Raf2 Re8 31. Ne1 e4 32. N1c2 Rf8 33. Nd4 Qe8 34. Bxd6 Bc7 35.
Bxc7 Rc8 36. d6+ Ne6 37. Qb3 Bxb5 38. Bxb5 Qxb5 39. Nxb5 Ra8 40. Qxe6+ Rf7 41.
Nf5 Kf8 42. Nh6 Re8 43. Qxf7# 1-0

[Event "Tournoi Skype 016B"]
[Site "Skype"]
[Date "????.??.??"]
[Round "7.27"]
[White "Blaevoet, Rebecca"]
[Black "Letourneau, Judith"]
[Result "1-0"]
[WhiteElo "1273"]
[BlackElo "1000"]
[PlyCount "39"]

1. e4 e6 2. Nf3 Nc6 3. d4 Nf6 4. Nc3 Bb4 5. a3 a5 6. axb4 axb4 7. Rxa8 d6 8.
Bb5 O-O 9. Bg5 e5 10. d5 Qe7 11. O-O bxc3 12. bxc3 h6 13. Bxf6 Qxf6 14. Re1 Bg4
15. Rxf8+ Kh7 16. Ng5+ Kg6 17. Qxg4 Na5 18. h4 hxg5 19. h5+ Kh6 20. Rh8# 1-0

[Event "Tournoi Skype 016B"]
[Site "Skype"]
[Date "????.??.??"]
[Round "7.28"]
[White "Rival, Jocelyn"]
[Black "Marty, Yvette"]
[Result "1-0"]
[WhiteElo "1040"]
[BlackElo "1000"]
[PlyCount "23"]

1. e4 e6 2. d4 c6 3. c3 d5 4. Bd3 Nf6 5. Bg5 Be7 6. e5 Nfd7 7. Nf3 Bxg5 8. Nxg5
Qxg5 9. O-O O-O 10. Bc2 b6 11. Qd3 Bb7 12. Qxh7# 1-0